[Event "Deutsche Ländermeisterschaft 2025"]
[Site "Oer-Erkenschwick GER"]
[Date "2025.10.01"]
[Round "2"]
[White "Langer, Paul Georg"]
[Black "Avdic, Faris"]
[Result "1/2-1/2"]
[Termination "normal"]
[Board "7.1"]
[WhiteElo "1987"]
[BlackElo "2281"]
[WhiteClock "00:03:39"]
[BlackClock "00:46:01"]
[WhiteTeam "Thüringen"]
[BlackTeam "Hamburg 1"]
[PlyCount "103"]
[WhiteFideId "16230051"]
[BlackFideId "14422328"]
[EventCountry "GER"]
[EventRounds "7"]
[EventType "team-swiss"]
[EventDate "2025.09.30"]

1. d4 {[%clk 01:30:57]} {[%emt 00:00:02]} Nf6 {[%clk 01:30:55]} {[%emt
00:00:05]} 2. Nf3 {[%clk 01:31:14]} {[%emt 00:00:13]} g6 {[%clk 01:31:18]}
{[%emt 00:00:06]} 3. c3 {[%clk 01:31:25]} {[%emt 00:00:20]} Bg7 {[%clk
01:31:42]} {[%emt 00:00:06]} 4. h3 {[%clk 01:31:36]} {[%emt 00:00:20]} d6
{[%clk 01:32:02]} {[%emt 00:00:08]} 5. Bf4 {[%clk 01:31:59]} {[%emt 00:00:08]}
O-O {[%clk 01:32:23]} {[%emt 00:00:09]} 6. Nbd2 {[%clk 01:31:30]} {[%emt
00:00:59]} Nfd7 {[%clk 01:32:18]} {[%emt 00:00:35]} 7. e4 {[%clk 01:29:25]}
{[%emt 00:02:36]} e5 {[%clk 01:32:33]} {[%emt 00:00:14]} 8. dxe5 {[%clk
01:28:01]} {[%emt 00:01:54]} dxe5 {[%clk 01:31:55]} {[%emt 00:01:08]} 9. Bg5
{[%clk 01:26:04]} {[%emt 00:02:28]} f6 {[%clk 01:29:50]} {[%emt 00:02:34]} 10.
Bc4+ {[%clk 01:24:03]} {[%emt 00:02:30]} Kh8 {[%clk 01:30:15]} {[%emt
00:00:06]} 11. Bh4 {[%clk 01:22:45]} {[%emt 00:01:49]} Qe7 {[%clk 01:30:18]}
{[%emt 00:00:25]} 12. Qc2 {[%clk 01:20:35]} {[%emt 00:02:41]} Nb6 {[%clk
01:30:07]} {[%emt 00:00:40]} 13. Bb3 {[%clk 01:20:31]} {[%emt 00:00:34]} a5
{[%clk 01:29:21]} {[%emt 00:01:16]} 14. a4 {[%clk 01:20:29]} {[%emt 00:00:33]}
N8d7 {[%clk 01:29:29]} {[%emt 00:00:22]} 15. Nc4 {[%clk 01:14:45]} {[%emt
00:06:13]} Nxc4 {[%clk 01:20:07]} {[%emt 00:09:52]} 16. Bxc4 {[%clk 01:14:20]}
{[%emt 00:00:55]} Nb6 {[%clk 01:20:27]} {[%emt 00:00:10]} 17. Bb3 {[%clk
01:14:04]} {[%emt 00:00:47]} Be6 {[%clk 01:14:07]} {[%emt 00:06:50]} 18. Bxe6
{[%clk 01:02:42]} {[%emt 00:11:53]} Qxe6 {[%clk 01:14:33]} {[%emt 00:00:04]}
19. O-O {[%clk 01:02:57]} {[%emt 00:00:15]} Rad8 {[%clk 01:04:52]} {[%emt
00:10:10]} 20. Rfd1 {[%clk 00:59:03]} {[%emt 00:04:24]} Rxd1+ {[%clk 00:58:49]}
{[%emt 00:06:33]} 21. Qxd1 {[%clk 00:57:55]} {[%emt 00:01:39]} Qc6 {[%clk
00:58:21]} {[%emt 00:00:57]} 22. Qc2 {[%clk 00:56:08]} {[%emt 00:02:18]} Nc4
{[%clk 00:56:05]} {[%emt 00:02:46]} 23. b3 {[%clk 00:42:04]} {[%emt 00:14:34]}
Nd6 {[%clk 00:56:22]} {[%emt 00:00:12]} 24. Re1 {[%clk 00:42:12]} {[%emt
00:00:23]} b6 {[%clk 00:54:21]} {[%emt 00:02:30]} 25. Nd2 {[%clk 00:28:39]}
{[%emt 00:14:03]} Bh6 {[%clk 00:40:46]} {[%emt 00:14:04]} 26. f3 {[%clk
00:19:40]} {[%emt 00:09:31]} Kg7 {[%clk 00:39:59]} {[%emt 00:01:18]} 27. Bg3
{[%clk 00:17:39]} {[%emt 00:02:31]} Rf7 {[%clk 00:34:40]} {[%emt 00:05:48]} 28.
Nf1 {[%clk 00:15:21]} {[%emt 00:02:48]} b5 {[%clk 00:34:37]} {[%emt 00:00:33]}
29. Ne3 {[%clk 00:13:36]} {[%emt 00:02:15]} bxa4 {[%clk 00:34:15]} {[%emt
00:00:52]} 30. bxa4 {[%clk 00:13:54]} {[%emt 00:00:12]} Bxe3+ {[%clk 00:34:32]}
{[%emt 00:00:13]} 31. Rxe3 {[%clk 00:13:51]} {[%emt 00:00:33]} Nc4 {[%clk
00:34:59]} {[%emt 00:00:04]} 32. Re1 {[%clk 00:11:23]} {[%emt 00:02:57]} Rd7
{[%clk 00:34:09]} {[%emt 00:01:21]} 33. Rd1 {[%clk 00:08:26]} {[%emt 00:03:27]}
Nb6 {[%clk 00:34:26]} {[%emt 00:00:12]} 34. Ra1 {[%clk 00:07:02]} {[%emt
00:01:55]} Rd4 {[%clk 00:33:25]} {[%emt 00:01:31]} 35. Bf2 {[%clk 00:03:28]}
{[%emt 00:04:04]} Rxa4 {[%clk 00:33:32]} {[%emt 00:00:22]} 36. Rxa4 {[%clk
00:03:39]} {[%emt 00:00:19]} Qxa4 {[%clk 00:33:50]} {[%emt 00:00:13]} 37. Qd3
{[%clk 00:03:43]} {[%emt 00:00:26]} Qc6 {[%clk 00:32:37]} {[%emt 00:01:42]} 38.
Qd8 {[%clk 00:02:16]} {[%emt 00:01:57]} Qd7 {[%clk 00:32:17]} {[%emt 00:00:50]}
39. Qb8 {[%clk 00:02:41]} {[%emt 00:00:06]} Nc4 {[%clk 00:32:24]} {[%emt
00:00:22]} 40. Bc5 {[%clk 00:02:15]} {[%emt 00:00:56]} Qf7 {[%clk 00:29:33]}
{[%emt 00:03:21]} 41. Qb5 {[%clk 00:25:49]} {[%emt 00:06:56]} h5 {[%clk
00:56:08]} {[%emt 00:03:56]} 42. Ba7 {[%clk 00:22:31]} {[%emt 00:03:48]} h4
{[%clk 00:51:36]} {[%emt 00:05:02]} 43. Bf2 {[%clk 00:18:12]} {[%emt 00:04:48]}
g5 {[%clk 00:51:36]} {[%emt 00:00:29]} 44. Ba7 {[%clk 00:17:37]} {[%emt
00:01:06]} c6 {[%clk 00:48:01]} {[%emt 00:04:06]} 45. Qa6 {[%clk 00:16:59]}
{[%emt 00:01:07]} Qd7 {[%clk 00:48:02]} {[%emt 00:00:29]} 46. Kh2 {[%clk
00:12:41]} {[%emt 00:04:48]} Nd2 {[%clk 00:47:35]} {[%emt 00:00:57]} 47. Be3
{[%clk 00:09:56]} {[%emt 00:03:15]} Nb3 {[%clk 00:47:13]} {[%emt 00:00:52]} 48.
Bb6 {[%clk 00:04:42]} {[%emt 00:05:44]} Qd1 {[%clk 00:44:59]} {[%emt 00:02:45]}
49. Qb7+ {[%clk 00:04:24]} {[%emt 00:00:47]} Kg6 {[%clk 00:45:19]} {[%emt
00:00:10]} 50. Qe7 {[%clk 00:04:40]} {[%emt 00:00:14]} Nd2 {[%clk 00:45:43]}
{[%emt 00:00:07]} 51. Qe8+ {[%clk 00:04:41]} {[%emt 00:00:28]} Kh6 {[%clk
00:46:01]} {[%emt 00:00:11]} 52. Qh8+ {[%clk 00:03:39]} {[%emt 00:01:33]}
1/2-1/2

[Event "Deutsche Ländermeisterschaft 2025"]
[Site "Oer-Erkenschwick GER"]
[Date "2025.10.01"]
[Round "2"]
[White "Fuhrmann, Bahne"]
[Black "Sniegowski, Richard"]
[Result "1-0"]
[Termination "normal"]
[Board "7.2"]
[WhiteTitle "FM"]
[WhiteElo "2225"]
[BlackElo "1854"]
[WhiteClock "00:59:13"]
[BlackClock "00:59:06"]
[WhiteTeam "Hamburg 1"]
[BlackTeam "Thüringen"]
[PlyCount "37"]
[WhiteFideId "16244842"]
[BlackFideId "34664181"]
[EventCountry "GER"]
[EventRounds "7"]
[EventType "team-swiss"]
[EventDate "2025.09.30"]

1. e4 {[%clk 01:30:58]} {[%emt 00:00:02]} c6 {[%clk 01:30:55]} {[%emt
00:00:05]} 2. d4 {[%clk 01:31:24]} {[%emt 00:00:03]} d5 {[%clk 01:31:20]}
{[%emt 00:00:05]} 3. Nc3 {[%clk 01:31:51]} {[%emt 00:00:04]} dxe4 {[%clk
01:31:41]} {[%emt 00:00:09]} 4. Nxe4 {[%clk 01:32:17]} {[%emt 00:00:04]} Bf5
{[%clk 01:32:01]} {[%emt 00:00:09]} 5. Ng3 {[%clk 01:32:42]} {[%emt 00:00:05]}
Bg6 {[%clk 01:32:25]} {[%emt 00:00:07]} 6. N1e2 {[%clk 01:33:08]} {[%emt
00:00:04]} h6 {[%clk 01:26:55]} {[%emt 00:06:00]} 7. Nf4 {[%clk 01:31:16]}
{[%emt 00:02:22]} Bh7 {[%clk 01:26:09]} {[%emt 00:01:16]} 8. Bc4 {[%clk
01:31:11]} {[%emt 00:00:35]} e6 {[%clk 01:25:00]} {[%emt 00:01:39]} 9. O-O
{[%clk 01:30:54]} {[%emt 00:00:47]} Nf6 {[%clk 01:24:38]} {[%emt 00:00:53]} 10.
Re1 {[%clk 01:29:12]} {[%emt 00:02:12]} Be7 {[%clk 01:24:10]} {[%emt 00:00:58]}
11. Bxe6 {[%clk 01:24:59]} {[%emt 00:04:43]} fxe6 {[%clk 01:18:59]} {[%emt
00:05:41]} 12. Nxe6 {[%clk 01:25:17]} {[%emt 00:00:13]} Qd7 {[%clk 01:18:35]}
{[%emt 00:00:52]} 13. Nxg7+ {[%clk 01:22:20]} {[%emt 00:03:28]} Kf7 {[%clk
01:18:38]} {[%emt 00:00:26]} 14. Bxh6 {[%clk 01:17:15]} {[%emt 00:05:34]} Bg6
{[%clk 01:15:14]} {[%emt 00:03:56]} 15. Qf3 {[%clk 01:06:29]} {[%emt 00:11:15]}
Na6 {[%clk 01:09:51]} {[%emt 00:05:53]} 16. N7f5 {[%clk 01:05:23]} {[%emt
00:01:36]} Rae8 {[%clk 01:08:11]} {[%emt 00:02:10]} 17. Bg5 {[%clk 01:02:20]}
{[%emt 00:03:33]} Qd5 {[%clk 01:00:24]} {[%emt 00:08:17]} 18. Rxe7+ {[%clk
00:58:51]} {[%emt 00:03:59]} Rxe7 {[%clk 00:59:06]} {[%emt 00:01:48]} 19. Nh6+
{[%clk 00:59:13]} {[%emt 00:00:08]} 1-0

[Event "Deutsche Ländermeisterschaft 2025"]
[Site "Oer-Erkenschwick GER"]
[Date "2025.10.01"]
[Round "2"]
[White "Apel, Linus"]
[Black "Eberle, Triona"]
[Result "0-1"]
[Termination "normal"]
[Board "7.3"]
[WhiteElo "1902"]
[BlackElo "2010"]
[WhiteClock "00:03:06"]
[BlackClock "01:11:07"]
[WhiteTeam "Thüringen"]
[BlackTeam "Hamburg 1"]
[PlyCount "76"]
[WhiteFideId "16265785"]
[BlackFideId "34627731"]
[EventCountry "GER"]
[EventRounds "7"]
[EventType "team-swiss"]
[EventDate "2025.09.30"]

1. e4 {[%clk 01:30:57]} {[%emt 00:00:03]} c5 {[%clk 01:30:56]} {[%emt
00:00:04]} 2. Nf3 {[%clk 01:31:19]} {[%emt 00:00:09]} d6 {[%clk 01:31:22]}
{[%emt 00:00:04]} 3. d4 {[%clk 01:31:42]} {[%emt 00:00:07]} cxd4 {[%clk
01:31:47]} {[%emt 00:00:05]} 4. Nxd4 {[%emt 00:00:05]} Nf6 {[%clk 01:32:11]}
{[%emt 00:00:05]} 5. Nc3 {[%clk 01:32:32]} {[%emt 00:00:05]} a6 {[%clk
01:32:35]} {[%emt 00:00:06]} 6. Be3 {[%emt 00:00:31]} e5 {[%emt 00:00:08]} 7.
Nb3 {[%clk 01:33:08]} Be7 {[%emt 00:00:06]} 8. f3 {[%clk 01:28:36]} {[%emt
00:05:01]} Be6 {[%clk 01:33:39]} {[%emt 00:00:06]} 9. Qd2 {[%clk 01:29:01]}
{[%emt 00:00:06]} Nbd7 {[%clk 01:34:02]} {[%emt 00:00:06]} 10. O-O-O {[%clk
01:29:24]} {[%emt 00:00:07]} O-O {[%clk 01:34:21]} {[%emt 00:00:10]} 11. g4
{[%clk 01:29:47]} {[%emt 00:00:08]} b5 {[%clk 01:34:43]} {[%emt 00:00:07]} 12.
g5 {[%clk 01:30:11]} {[%emt 00:00:07]} Nh5 {[%clk 01:35:07]} {[%emt 00:00:06]}
13. Kb1 {[%clk 01:30:02]} {[%emt 00:00:38]} Rc8 {[%clk 01:33:15]} {[%emt
00:02:22]} 14. a3 {[%clk 01:24:02]} {[%emt 00:06:30]} Qc7 {[%clk 01:30:35]}
{[%emt 00:03:10]} 15. h4 {[%clk 00:59:19]} {[%emt 00:25:14]} Ng3 {[%clk
01:30:47]} {[%emt 00:00:17]} 16. Rg1 {[%clk 00:59:40]} {[%emt 00:00:10]} Nxf1
{[%clk 01:31:10]} {[%emt 00:00:07]} 17. Rdxf1 {[%clk 00:59:51]} {[%emt
00:00:19]} Nc5 {[%clk 01:29:32]} {[%emt 00:02:08]} 18. Nd5 {[%clk 00:52:45]}
{[%emt 00:07:36]} Nxb3 {[%clk 01:29:36]} {[%emt 00:00:25]} 19. cxb3 {[%clk
00:53:10]} {[%emt 00:00:05]} Qb7 {[%clk 01:29:46]} {[%emt 00:00:20]} 20. f4
{[%clk 00:45:20]} {[%emt 00:08:21]} f5 {[%clk 01:19:18]} {[%emt 00:10:57]} 21.
gxf6 {[%clk 00:36:13]} {[%emt 00:09:38]} Bxf6 {[%clk 01:17:19]} {[%emt
00:02:29]} 22. f5 {[%clk 00:31:50]} {[%emt 00:04:53]} Bxd5 {[%clk 01:17:09]}
{[%emt 00:00:40]} 23. exd5 {[%clk 00:32:18]} {[%emt 00:00:01]} Bxh4 {[%clk
01:14:58]} {[%emt 00:02:41]} 24. Rh1 {[%clk 00:30:30]} {[%emt 00:02:18]} Bf6
{[%clk 01:15:22]} {[%emt 00:00:06]} 25. Qh2 {[%clk 00:23:23]} {[%emt 00:07:37]}
Qxd5 {[%clk 01:14:39]} {[%emt 00:01:13]} 26. Qxh7+ {[%clk 00:23:32]} {[%emt
00:00:22]} Kf7 {[%clk 01:15:03]} {[%emt 00:00:05]} 27. Qg6+ {[%clk 00:23:52]}
{[%emt 00:00:11]} Ke7 {[%clk 01:15:26]} {[%emt 00:00:07]} 28. Ka2 {[%clk
00:21:19]} {[%emt 00:03:02]} Rc2 {[%clk 01:13:32]} {[%emt 00:02:24]} 29. Rc1
{[%clk 00:12:29]} {[%emt 00:09:21]} Rfc8 {[%clk 01:13:08]} {[%emt 00:00:54]}
30. Rhd1 {[%clk 00:07:50]} {[%emt 00:05:09]} Qf7 {[%clk 01:12:36]} {[%emt
00:01:02]} 31. Qg1 {[%clk 00:07:34]} {[%emt 00:00:46]} R8c3 {[%clk 01:12:44]}
{[%emt 00:00:21]} 32. Rxc2 {[%clk 00:06:19]} {[%emt 00:01:46]} Qxb3+ {[%clk
01:13:07]} {[%emt 00:00:06]} 33. Ka1 {[%clk 00:06:23]} {[%emt 00:00:27]} Rxc2
{[%clk 01:13:29]} {[%emt 00:00:07]} 34. Rb1 {[%clk 00:06:30]} {[%emt 00:00:23]}
b4 {[%clk 01:12:22]} {[%emt 00:01:38]} 35. Bc1 {[%clk 00:05:38]} {[%emt
00:01:22]} e4 {[%clk 01:10:44]} {[%emt 00:02:08]} 36. Qa7+ {[%clk 00:05:13]}
{[%emt 00:00:55]} Kf8 {[%clk 01:10:45]} {[%emt 00:00:29]} 37. Qa8+ {[%clk
00:02:46]} {[%emt 00:02:58]} Kf7 {[%clk 01:11:07]} {[%emt 00:00:07]} 38. Qxe4
{[%clk 00:03:06]} {[%emt 00:00:10]} Qxa3# {[%emt 00:00:09]} 0-1

[Event "Deutsche Ländermeisterschaft 2025"]
[Site "Oer-Erkenschwick GER"]
[Date "2025.10.01"]
[Round "2"]
[White "Andersen, Jonathan"]
[Black "Meitzner, Jonathan Franz"]
[Result "1-0"]
[Termination "normal"]
[Board "7.4"]
[WhiteElo "1886"]
[BlackElo "1834"]
[WhiteClock "00:32:17"]
[BlackClock "00:03:38"]
[WhiteTeam "Hamburg 1"]
[BlackTeam "Thüringen"]
[PlyCount "52"]
[WhiteFideId "34623884"]
[BlackFideId "34616110"]
[EventCountry "GER"]
[EventRounds "7"]
[EventType "team-swiss"]
[EventDate "2025.09.30"]

1. e4 {[%clk 01:30:57]} {[%emt 00:00:03]} c5 {[%clk 01:30:47]} {[%emt
00:00:13]} 2. Nf3 {[%clk 01:31:23]} {[%emt 00:00:05]} e6 {[%clk 01:31:10]}
{[%emt 00:00:07]} 3. d4 {[%clk 01:31:50]} {[%emt 00:00:02]} cxd4 {[%clk
01:31:33]} {[%emt 00:00:08]} 4. Nxd4 {[%clk 01:32:16]} {[%emt 00:00:04]} Nc6
{[%clk 01:31:56]} {[%emt 00:00:06]} 5. Nb5 {[%clk 01:32:36]} {[%emt 00:00:10]}
d6 {[%clk 01:24:53]} {[%emt 00:07:34]} 6. Bf4 {[%clk 01:31:37]} {[%emt
00:01:27]} e5 {[%clk 01:18:30]} {[%emt 00:06:54]} 7. Be3 {[%clk 01:31:59]}
{[%emt 00:00:08]} a6 {[%clk 01:18:15]} {[%emt 00:00:47]} 8. N5a3 {[%clk
01:32:21]} {[%emt 00:00:07]} Nf6 {[%clk 01:17:35]} {[%emt 00:01:10]} 9. Nc3
{[%clk 01:31:48]} {[%emt 00:01:02]} Be6 {[%clk 01:17:34]} {[%emt 00:00:31]} 10.
g3 {[%clk 01:19:48]} {[%emt 00:12:29]} b5 {[%clk 01:10:08]} {[%emt 00:07:58]}
11. Nd5 {[%clk 01:19:57]} {[%emt 00:00:21]} Bxd5 {[%clk 01:09:37]} {[%emt
00:01:00]} 12. exd5 {[%clk 01:19:57]} {[%emt 00:00:31]} Ne7 {[%clk 01:08:13]}
{[%emt 00:01:53]} 13. Bg2 {[%clk 01:16:42]} {[%emt 00:03:46]} Rc8 {[%clk
01:08:23]} {[%emt 00:00:20]} 14. O-O {[%clk 01:16:02]} {[%emt 00:01:09]} b4
{[%clk 01:05:54]} {[%emt 00:03:00]} 15. Nb1 {[%clk 01:16:14]} {[%emt 00:00:18]}
Qa5 {[%clk 01:04:11]} {[%emt 00:02:13]} 16. c4 {[%clk 00:49:32]} {[%emt
00:27:12]} Rxc4 {[%clk 00:42:46]} {[%emt 00:21:54]} 17. Nd2 {[%clk 00:44:41]}
{[%emt 00:05:21]} Rc8 {[%clk 00:42:05]} {[%emt 00:01:12]} 18. Rc1 {[%clk
00:44:42]} {[%emt 00:00:28]} Rxc1 {[%clk 00:34:51]} {[%emt 00:07:44]} 19. Qxc1
{[%clk 00:44:33]} {[%emt 00:00:39]} Nfxd5 {[%clk 00:23:11]} {[%emt 00:12:10]}
20. Nc4 {[%clk 00:44:42]} {[%emt 00:00:21]} Qc7 {[%clk 00:15:22]} {[%emt
00:08:20]} 21. Rd1 {[%clk 00:44:08]} {[%emt 00:01:03]} Qc6 {[%clk 00:15:31]}
{[%emt 00:00:22]} 22. b3 {[%clk 00:40:59]} {[%emt 00:03:39]} f5 {[%clk
00:14:00]} {[%emt 00:02:01]} 23. Qd2 {[%clk 00:35:57]} {[%emt 00:05:31]} e4
{[%clk 00:09:47]} {[%emt 00:04:43]} 24. Bf4 {[%clk 00:35:38]} {[%emt 00:00:49]}
Nc3 {[%clk 00:03:24]} {[%emt 00:06:54]} 25. Nxd6+ {[%clk 00:35:57]} {[%emt
00:00:11]} Kd7 {[%clk 00:03:38]} {[%emt 00:00:16]} 26. Nxe4+ {[%clk 00:32:17]}
{[%emt 00:04:09]} Ng8 {[%emt 00:00:43]} 1-0

[Event "Deutsche Ländermeisterschaft 2025"]
[Site "Oer-Erkenschwick GER"]
[Date "2025.10.01"]
[Round "2"]
[White "Ulrich, Helena Irene"]
[Black "Ahryzkov, Ivan"]
[Result "1-0"]
[Termination "normal"]
[Board "7.5"]
[WhiteElo "1806"]
[BlackElo "1870"]
[WhiteClock "00:06:03"]
[BlackClock "00:38:01"]
[WhiteTeam "Thüringen"]
[BlackTeam "Hamburg 1"]
[PlyCount "60"]
[WhiteFideId "16256000"]
[BlackFideId "34123750"]
[EventCountry "GER"]
[EventRounds "7"]
[EventType "team-swiss"]
[EventDate "2025.09.30"]

1. e4 {[%clk 01:30:59]} c5 {[%clk 01:30:54]} {[%emt 00:00:06]} 2. Nf3 {[%clk
01:31:25]} {[%emt 00:00:04]} d6 {[%clk 01:31:16]} {[%emt 00:00:08]} 3. d4
{[%clk 01:31:52]} {[%emt 00:00:04]} cxd4 {[%clk 01:31:41]} {[%emt 00:00:05]} 4.
Nxd4 {[%clk 01:32:17]} {[%emt 00:00:04]} Nf6 {[%clk 01:32:07]} {[%emt
00:00:04]} 5. Nc3 {[%clk 01:32:43]} {[%emt 00:00:05]} g6 {[%clk 01:32:31]}
{[%emt 00:00:06]} 6. Be3 {[%clk 01:33:08]} {[%emt 00:00:04]} Bg7 {[%clk
01:32:56]} {[%emt 00:00:05]} 7. f3 {[%clk 01:33:35]} {[%emt 00:00:04]} O-O
{[%clk 01:33:20]} {[%emt 00:00:06]} 8. Qd2 {[%clk 01:34:03]} {[%emt 00:00:02]}
Nc6 {[%clk 01:33:43]} {[%emt 00:00:07]} 9. O-O-O {[%clk 01:34:28]} {[%emt
00:00:05]} d5 {[%clk 01:33:57]} {[%emt 00:00:17]} 10. exd5 {[%clk 01:34:45]}
{[%emt 00:00:12]} Nxd5 {[%clk 01:34:23]} {[%emt 00:00:04]} 11. Nxc6 {[%clk
01:35:11]} {[%emt 00:00:04]} bxc6 {[%clk 01:34:49]} {[%emt 00:00:05]} 12. Bd4
{[%clk 01:35:37]} {[%emt 00:00:03]} Be6 {[%clk 01:29:54]} {[%emt 00:05:25]} 13.
Bxg7 {[%clk 01:26:53]} {[%emt 00:09:13]} Kxg7 {[%clk 01:29:21]} {[%emt
00:01:04]} 14. Bc4 {[%clk 01:24:32]} {[%emt 00:02:51]} Nc7 {[%clk 01:22:11]}
{[%emt 00:07:39]} 15. Qe3 {[%clk 01:17:13]} {[%emt 00:07:49]} Qc8 {[%clk
01:21:41]} {[%emt 00:01:00]} 16. Bxe6 {[%clk 01:16:39]} {[%emt 00:01:05]} Qxe6
{[%clk 01:16:36]} {[%emt 00:05:35]} 17. Qd4+ {[%clk 01:15:00]} {[%emt
00:02:08]} Kg8 {[%clk 01:16:20]} {[%emt 00:00:47]} 18. Rhe1 {[%clk 01:11:01]}
{[%emt 00:04:29]} Qf5 {[%clk 01:13:33]} {[%emt 00:03:17]} 19. Rxe7 {[%clk
00:57:54]} {[%emt 00:13:36]} Ne6 {[%clk 01:11:18]} {[%emt 00:02:45]} 20. Qe3
{[%clk 00:52:49]} {[%emt 00:05:35]} a5 {[%clk 01:11:24]} {[%emt 00:00:24]} 21.
Ne4 {[%clk 00:50:20]} {[%emt 00:03:00]} Rad8 {[%clk 01:08:58]} {[%emt
00:02:56]} 22. Red7 {[%clk 00:47:44]} {[%emt 00:03:06]} Rxd7 {[%clk 01:06:28]}
{[%emt 00:02:59]} 23. Rxd7 {[%clk 00:48:10]} {[%emt 00:00:05]} Nf4 {[%clk
01:06:52]} {[%emt 00:00:05]} 24. Rd2 {[%clk 00:36:13]} {[%emt 00:12:27]} Nd5
{[%clk 00:54:56]} {[%emt 00:12:26]} 25. Qd4 {[%clk 00:28:35]} {[%emt 00:08:08]}
f6 {[%clk 00:54:42]} {[%emt 00:00:44]} 26. Qa7 {[%clk 00:25:55]} {[%emt
00:03:10]} Qe5 {[%clk 00:50:09]} {[%emt 00:05:03]} 27. g3 {[%clk 00:08:58]} Rb8
{[%clk 00:38:00]} {[%emt 00:30:05]} 28. c4 {[%emt 00:04:12]} Ne7 29. Nxf6+
{[%clk 00:06:03]} {[%emt 00:00:25]} Kf7 {[%clk 00:38:01]} {[%emt 00:00:18]} 30.
Ne4 {[%emt 00:01:15]} Re8 {[%emt 00:01:26]} 1-0